Investície a investovanie v ekonomike SR diplomová práca

Salvato in:
Dettagli Bibliografici
Autore principale: Šoltés, Juraj
Ente Autore: Národohospodárska fakulta EU. Katedra hospodárskej politiky
Altri autori: Vorlíčková, Jana
Natura: Libro
Lingua:slovacco
Pubblicazione: Bratislava 2011
Tags: Aggiungi Tag
Nessun Tag, puoi essere il primo ad aggiungerne!!

MARC

LEADER 00000nbm a2200000 4500
001 0130891
005 20161109101628.2
041 0 |a slo 
044 |a SK 
245 1 0 |a Investície a investovanie v ekonomike SR  |b diplomová práca  |c Juraj Šoltés ; školiteľ: Jana Vorlíčková 
264 1 |a Bratislava  |c 2011 
300 |a 74 s. 
100 1 |a Šoltés, Juraj 
700 1 |a Vorlíčková, Jana 
710 2 |a Národohospodárska fakulta EU. Katedra hospodárskej politiky